Toxin : the cunning of bacterial poisons (Record no. 4379)

MARC details
000 -LEADER
fixed length control field 02101cam a22003854a 4500
001 - CONTROL NUMBER
control field 14031763
003 - CONTROL NUMBER IDENTIFIER
control field OSt
005 - DATE AND TIME OF LATEST TRANSACTION
control field 20231104095907.0
008 - FIXED-LENGTH DATA ELEMENTS--GENERAL INFORMATION
fixed length control field 050708s2005 enkab b 001 0 eng
010 ## - LIBRARY OF CONGRESS CONTROL NUMBER
LC control number 2005019702
016 7# - NATIONAL BIBLIOGRAPHIC AGENCY CONTROL NUMBER
Record control number 101252097
Source DNLM
020 ## - INTERNATIONAL STANDARD BOOK NUMBER
International Standard Book Number 0198605587 (alk. paper)
020 ## - INTERNATIONAL STANDARD BOOK NUMBER
International Standard Book Number 9780198605584 (alk. paper)
035 ## - SYSTEM CONTROL NUMBER
System control number (OCoLC)ocm60856170
040 ## - CATALOGING SOURCE
Original cataloging agency DNLM/DLC
Transcribing agency DLC
Modifying agency NLM
-- BAKER
-- BWKUK
-- IXA
-- OCLCQ
-- DLC
042 ## - AUTHENTICATION CODE
Authentication code pcc
050 00 - LIBRARY OF CONGRESS CALL NUMBER
Classification number QP632.B3
Item number L39 2005
060 00 - NATIONAL LIBRARY OF MEDICINE CALL NUMBER
Classification number 2005 N-626
060 10 - NATIONAL LIBRARY OF MEDICINE CALL NUMBER
Classification number QW 11.1
Item number L425t 2005
082 00 - DEWEY DECIMAL CLASSIFICATION NUMBER
Classification number QW 630 L45t 2005
100 1# - MAIN ENTRY--PERSONAL NAME
Personal name Lax, Alistair J.,
9 (RLIN) 9422
245 10 - TITLE STATEMENT
Title Toxin : the cunning of bacterial poisons
Remainder of title
260 ## - PUBLICATION, DISTRIBUTION, ETC. (IMPRINT)
Place of publication, distribution, etc. Oxford ;
Name of publisher, distributor, etc. Oxford University Press,
Date of publication, distribution, etc. 2005.
300 ## - PHYSICAL DESCRIPTION
Extent 192 p. :
Other physical details ill., maps ;
Dimensions 23 cm.
504 ## - BIBLIOGRAPHY, ETC. NOTE
Bibliography, etc Includes bibliographical references (p. [180]-189) and index.
505 0# - FORMATTED CONTENTS NOTE
Formatted contents note Toxins are everywhere : how toxins affected history -- The germ of an idea : a gradual acceleration up to the mid-1850s -- The golden age of microbiology : Pasteur, Koch, and the birth of the toxin concept -- The anatomy of diphtheria : taming the deadly scourge of childhood -- Understanding : all toxins fit into three basic mechanisms -- Why are plague and typhoid so deadly? : a further layer of cunning -- Deviant biology : weapons, espionage, and man's innate inhumanity -- A more optimistic outcome : from poison to cure and the cell biologist's toolkit -- Where is toxinology going now? : is there anything new out there?
650 #0 - SUBJECT ADDED ENTRY--TOPICAL TERM
Topical term or geographic name as entry element Toxins
9 (RLIN) 9423
650 12 - SUBJECT ADDED ENTRY--TOPICAL TERM
Topical term or geographic name as entry element Bacterialology
9 (RLIN) 9424
856 41 - ELECTRONIC LOCATION AND ACCESS
Materials specified Table of contents only
Uniform Resource Identifier http://www.loc.gov/catdir/toc/ecip0515/2005019702.html
856 42 - ELECTRONIC LOCATION AND ACCESS
Materials specified Publisher description
Uniform Resource Identifier http://www.loc.gov/catdir/enhancements/fy0638/2005019702-d.html
856 42 - ELECTRONIC LOCATION AND ACCESS
Materials specified Contributor biographical information
Uniform Resource Identifier http://www.loc.gov/catdir/enhancements/fy0725/2005019702-b.html
906 ## - LOCAL DATA ELEMENT F, LDF (RLIN)
a 7
b cbc
c orignew
d 1
e ecip
f 20
g y-gencatlg
942 ## - ADDED ENTRY ELEMENTS (KOHA)
Source of classification or shelving scheme Dewey Decimal Classification
Koha item type Open Shelf
Holdings
Withdrawn status Lost status Source of classification or shelving scheme Damaged status Not for loan Home library Current library Date acquired Source of acquisition Inventory number Total Checkouts Full call number Barcode Date last seen Koha item type
    Dewey Decimal Classification     MUST Main Library MUST Main Library 16/06/2016 Purchase 07/28656   QW 630 L45t 2005 2016-2537 16/06/2016 Open Shelf